00390nam a2200157Ia 4500003000400000008004100004040001600045082001300061100001500074245004100089260003000130300001000160490002500170650001500195650002200210GCL140319s9999 xx 000 0 eng d aGCL / cGCL04a843bS M1 aSUYIN, HAN10aLA MONTAGNE AST JEUNE / cSUYIN, HAN a[S.N] : bSTOCK ، c1989 a893 P aLE LIVRE DE POCHEv004aLITERATURE04aFRENCH LITERATURE